Countries of the World by Chinese Pinyin - Statistics

General Stats
  • This quiz has been taken 230 times
  • The average score is 88 of 196
Answer Stats
Hint Answer % Correct
A Er Ba Ni Ya Albania
95%
Ai Er Lan Ireland
88%
An Dao Er Andorra
79%
Bo Si Ni Ya He Hei Sai Ge Wei Na / Bo Shi Ni Ya Yu He Sai Ge Wei Na Bosnia and Herzegovina
73%
Mo Na Ge Monaco
69%
Ba Na Ma Panama
66%
Ba Ha Ma Bahamas
65%
Gu Ba Cuba
64%
Dan Mai Denmark
64%
Ma Er Ta Malta
64%
Ba Ba Duo Si / Ba Bei Duo Barbados
63%
An Ti Gua He Ba Bu Da / An Di Ka Ji Ba Bu Da Antigua and Barbuda
63%
Duo Mi Ni Ke Dominica
63%
Fen Lan Finland
63%
Hai Di Haiti
63%
Mo Xi Ge Mexico
63%
Bo Li Zi / Bei Li Si Belize
62%
Ni Jia La Gua Nicaragua
62%
A Gen Ting Argentina
60%
Jia Na Da Canada
60%
Zhi Li Chile
60%
Duo Mi Ni Jia / Duo Ming Ni Jia Dominican Republic
60%
Mo Er Duo Wa Moldova
60%
Nuo Wei Norway
60%
Bo Lan Poland
60%
Bai E Luo Si Belarus
59%
Bo Li Wei Ya Bolivia
59%
E Gua Duo Er /E Gua Duo Ecuador
59%
Fa Guo France
59%
Gui Ya Na / Gai Ya Na Guyana
59%
Hong Du La Si Honduras
58%
Su Li Nan Suriname
58%
Tai Wan Taiwan
58%
Ba Xi Brazil
57%
Ge Lun Bi Ya Colombia
57%
Fei Ji Fiji
57%
Ge Lin Na Da / Ge Rui Na Da Grenada
57%
Ya Mai Jia Jamaica
57%
Li Tao Wan Lithuania
57%
Nao Lu /Nuo Lu Nauru
57%
Ba La Gui Paraguay
57%
Sa Mo Ya Samoa
57%
Tu Wa Lu Tuvalu
57%
An Ge La Angola
56%
Ao Da Li Ya / Ao Zhou Australia
56%
Wei Di Ma La / Gua Di Ma La Guatemala
56%
Yi Da Li Italy
56%
Ke Suo Wo Kosovo
56%
La Tuo Wei Ya Latvia
56%
Pa Lao / Bo Liu Palau
56%
Sheng Lu Xi Ya Saint Lucia
56%
Wu La Gui Uruguay
56%
Wa Nu A Tu / Wan Na Du Vanuatu
56%
Ye Men Yemen
56%
Bo Ci Wa Na /Bo Zha Na Botswana
55%
Si Li Lan Ka Sri Lanka
55%
Wei Nei Rui La Venezuela
55%
Bu Ji Na Fa Suo Burkina Faso
54%
Sheng Wen Sen Te He Ge Lin Na Ding Si / Sheng Wen Sen Ji Ge Rui Na Ding Saint Vincent and the Grenadines
54%
Ma Shao Er Qun Dao Marshall Islands
54%
A Man Oman
54%
Bi Lu Peru
54%
Suo Luo Men Qun Dao Solomon Islands
54%
Mei Guo United States
54%
Sheng Ji Ci He Ni Wei Si / Sheng Ke Li Si Duo Fu Ji Ni Wei Si Saint Kitts and Nevis
53%
Te Li Ni Da He Duo Ba Ge / Qian Li Da Ji Tuo Ba Ge Trinidad and Tobago
53%
Si Luo Wen Ni Ya / Si Luo Wei Ni Ya Slovenia
53%
Xin Xi Lan / Niu Xi Lan New Zealand
52%
Tu Ku Man Si Tan / Tu Ku Man Turkmenistan
52%
A Er Ji Li Ya Algeria
51%
Sa Er Wa Duo El Salvador
51%
Mi Ke Luo Ni Xi Ya Lian Bang F. S. Micronesia
51%
Ken Ni Ya /Ken Ya Kenya
51%
Lie Zhi Dun Shi Deng Liechtenstein
51%
Ma Li Mali
51%
Na Mi Bi Ya Namibia
51%
Ba Bu Ya Xin Ji Nei Ya / Ba Bu Ya Niu Ji Nei Ya Papua New Guinea
51%
Si Luo Fa Ke Slovakia
51%
Tang Jia / Dong Jia Tonga
51%
Tu Er Qi Turkey
51%
Bu Dan Bhutan
50%
Ji Bu Ti /Ji Bu Di Djibouti
50%
Li Ba Nen Lebanon
50%
Li Bi Ya Libya
50%
Ma La Wei Malawi
50%
Luo Ma Ni Ya Romania
50%
Ta Ji Ke Si Tan / Ta Ji Ke Tajikistan
50%
Bei Ning /Bei Nan Benin
49%
Bao Jia Li Ya Bulgaria
49%
Zhong Guo China
49%
Gang Bi Ya /Gan Bi Ya Gambia
49%
Ji Li Ba Si Kiribati
49%
Ke Wei Te Kuwait
49%
Ma Lai Xi Ya Malaysia
49%
Pu Tao Ya Portugal
49%
Su Dan Sudan
48%
Li Bi Li Ya /Lai Bi Rui Ya Liberia
47%
Mo Sang Bi Ke /Mo San Bi Ke Mozambique
47%
Ni Ri Er /Ni Ri Niger
47%
Ni Ri Li Ya /Nai Ji Li Ya Nigeria
47%
De Guo Germany
46%
Hei Shan / Meng Te Nei Ge Luo Montenegro
46%
Sai Er Wei Ya Serbia
46%
Tu Ni Si /Tu Ni Xi Ya Tunisia
46%
Wu Gan Da Uganda
46%
Ying Guo United Kingdom
46%
Zan Bi Ya /Shang Bi Ya Zambia
46%
Lu Sen Bao Luxembourg
45%
Ma Da Jia Si Jia Madagascar
45%
He Lan Netherlands
45%
Ba Ji Si Tan Pakistan
45%
Ka Ta Er /Ka Da Qatar
45%
Suo Ma Li /Suo Ma Li Ya Somalia
45%
Nan Su Dan South Sudan
45%
Wu Zi Bie Ke Si Tan / Wu Zi Bie Ke Uzbekistan
45%
Ge Si Da Li Jia Costa Rica
44%
Mao Li Ta Ni Ya Mauritania
44%
Tan Sang Ni Ya /Tan Shang Ni Ya Tanzania
44%
A Sai Bai Jiang / Ya Sai Bai Ran Azerbaijan
43%
Xi Ban Ya Spain
42%
Tai Guo Thailand
42%
A Fu Han Afghanistan
41%
Bu Long Di /Pu Long Di Burundi
41%
Ha Sa Ke Si Tan / Ha Sa Ke Kazakhstan
41%
Lao Wo / Liao Guo Laos
41%
Zha De /Cha De Chad
40%
Yin Du India
40%
Yin Du Ni Xi Ya Indonesia
40%
Ji Er Ji Si Si Tan / Ji Er Ji Si Kyrgyzstan
40%
Lai Suo Tuo Lesotho
40%
E Li Te Li Ya / E Li Chui Ya Eritrea
39%
Gang Guo Min Zhu Gong He Guo D. R. Congo
38%
Gang Guo Gong He Guo Rep. of the Congo
38%
Bi Li Shi Belgium
37%
Ji Nei Ya Guinea
37%
Mao Li Qiu Si /Mo Li Xi Si Mauritius
37%
Sheng Ma Li Nuo San Marino
37%
Ji Nei Ya Bi Shao /Ji Nei Ya Bi Suo Guinea-Bissau
36%
Han Guo / Nan Han South Korea
36%
Wu Ke Lan Ukraine
36%
Ya Mei Ni Ya Armenia
35%
Ke Luo Di Ya / Ke Luo Ai Xi Ya Croatia
35%
Meng Gu Mongolia
35%
Jie Ke Czech Republic
34%
Jia Na Ghana
34%
Yi La Ke Iraq
34%
Lu Wang Da /Lu An Da Rwanda
34%
Nan Fei South Africa
34%
Yi Lang Iran
33%
Jin Ba Bu Wei /Xin Ba Wei Zimbabwe
33%
Ri Ben Japan
32%
Ao Di Li Austria
31%
Ai Ji Egypt
31%
Yi Se Lie Israel
31%
Xin Jia Po Singapore
31%
Bei Ma Qi Dun North Macedonia
30%
E Luo Si Russia
30%
A La Bo Lian He Qiu Zhang Guo / A La Bo Lian He Da Gong Guo United Arab Emirates
29%
Ma Er Dai Fu /Ma Er Di Fu Maldives
29%
Mo Luo Ge Morocco
29%
Ka Mai Long Cameroon
28%
Ai Sha Ni Ya Estonia
28%
Bing Dao Iceland
28%
Ni Bo Er Nepal
28%
Rui Shi Switzerland
28%
Fei Lü Bin Philippines
27%
Rui Dian Sweden
27%
Zhong Fei Gong He Guo Central African Republic
26%
Ai Sai E Bi Ya /Yi Suo Bi Ya Ethiopia
26%
Chao Xian / Bei Han North Korea
26%
Sha Te A La Bo / Sha Wu Di A La Bo Saudi Arabia
26%
Sai Pu Lu Si / Sai Pu Le Si Cyprus
25%
Xi La Greece
25%
Mian Dian Myanmar
25%
Fan Di Gang Vatican City
25%
Yue Nan Vietnam
25%
Ba Lin Bahrain
24%
Ge Lu Ji Ya / Qiao Zhi Ya Georgia
24%
Duo Ge Togo
24%
Si Wei Shi Lan /Shi Wa Di Ni Eswatini
23%
Ke Mo Luo /Ge Mo Comoros
22%
Yue Dan Jordan
22%
Sai Nei Jia Er Senegal
22%
Xu Li Ya Syria
22%
Sheng Duo Mei He Pu Lin Xi Bi /Sheng Duo Mei Pu Lin Xi Bi São Tomé and Príncipe
21%
Xiong Ya Li Hungary
21%
Jian Pu Zhai Cambodia
18%
Sai She Er / Sai Xi Er Seychelles
18%
Dong Di Wen East Timor
17%
Sai La Li Ang /Shi Zi Shan Sierra Leone
17%
Chi Dao Ji Nei Ya Equatorial Guinea
15%
Jia Peng Gabon
14%
Ke Te Di Wa /Xiang Ya Hai An Ivory Coast
14%
Wen Lai Brunei
13%
Meng Jia La Guo / Meng Jia La Bangladesh
12%
Fo De Jiao /Wei De Jiao Cape Verde
9%
No matching quizzes found
Score Distribution
Percent of People with Each Score
Percentile by Number Answered
Your Score History
You have not taken this quiz